[Event "ROM-ch U12"]
[Site "Calimanesti Caciulata"]
[Date "2016.04.22"]
[Round "6"]
[White "Taerel, Radu Nicolae"]
[Black "Urdea, Mihnea Florin"]
[Result "0-1"]
[WhiteElo "1126"]
[BlackElo "1046"]
[PlyCount "76"]
[EventDate "2016.04.18"]
[EventType "swiss"]
[EventRounds "9"]
[EventCountry "ROU"]
[SourceTitle "CBM 172 Extra"]
[Source "ChessBase"]
[SourceDate "2016.06.21"]
[SourceVersion "1"]
[SourceVersionDate "2016.06.21"]
[SourceQuality "1"]

1. e4 c5 2. d4 cxd4 3. Qxd4 Nc6 4. Qd1 e5 5. a3 Nf6 6. Nc3 Bc5 7. Bg5 0-0 8. Nf3 h6 9. Bh4 Be7 10. h3 b6 11. Bb5 Bb7 12. Bxc6 Bxc6 13. Bxf6 Bxf6 14. 0-0 Qc7 15. Nd5 Bxd5 16. exd5 d6 17. Re1 Rac8 18. c3 Qc4 19. Qd2 Rfe8 20. Rac1 e4 21. Nd4 Bg5 22. Qd1 Bxc1 23. Qxc1 Qxd5 24. Qd2 Qg5 25. Qxg5 hxg5 26. Nb5 Rc5 27. Nxd6 Re6 28. Nxe4 Rce5 29. f3 f5 30. Nxg5 Rxe1+ 31. Kh2 R6e2 32. Kg3 Rxb2 33. h4 Ree2 34. Nf7 Kxf7 35. Kf4 Rxg2 36. h5 Rh2 37. h6 Rxh6 38. c4 Ra2 0-1